000 00400nam a2200169Ia 4500
008 221030s9999 xx 000 0 und d
020 _a0070669123
041 _aEnglish
100 _aB. Hughes
245 0 _aSoftware Project Management
_cby B. Hughes, R. Mall
250 _a5th
260 _bTMH
_aNew Delhi
_c2011
300 _a397
650 _aBB Computer
700 _aR. Mall
942 _cBK
999 _c16285
_d16285